000 00836nam a2200253Ia 4500
003 OSt
005 20221005112903.0
006 a|||||r|||| 00| 0
007 ta
008 221004b |||||||| |||| 00| 0 pan d
020 _a9788126032839 (pbk)
_c55
024 _a11620
037 _b820, 13/03/2014, H.K. Prakashan
_cTextual
040 _aCRL
_cCRL
_bpan
041 _2pan
_apan
082 _aO1528,3x, 153Q2
100 _aਸਵਾਮੀ, ਚੇਤਨ
245 0 _aਕਸਤੂਰੀ ਮ੍ਰਿਗ
260 _aਦਿੱਲੀ
_bਸਾਹਿਤ ਅਕਾਦਮੀ ਭਾਰਤ
_c2012
300 _a94ਪੰ
_ccm.
650 _aਪੰਜਾਬੀ ਸਾਹਿਤ
942 _hO1528,3x, 153Q2
_cTEXL
_2cc
999 _c1026325
_d1026325